000
00277nam a22001337a 4500
008
180316b xxu||||| |||| 00| 0 eng d
020
_a
9780393925760
041
_a
eng
080
_a
781
100
_a
45
101
_a
MUZ
245
_a
Anthology
_c
Piper, J
942
_2
udc
_c
BK
999
_c
45261
_d
45261